Písanie je môj osud So spisovateľom Rudolfom Slobodom

Bibliographic Details
Main Author: Fulmeková, Denisa, 1967- (Author)
Format: Article
Language:Slovak
PhysicalDescription:Fot. 1.
Subjects:

MARC

LEADER 00000nab a2200000 a 4500
001 vtls000462804
003 SK-MaSNL
005 20260303235336.0
008 160216c1992 xo 0 slo
015 |a SNBRB19rr/mm-uuuuu 
035 |a CL0462937 
040 |a SNKBUCL  |b slo  |c SNKBUCL  |e AACR2 
041 0 |a slo 
044 |a xo  |c SK 
080 |a 82:929:885.4  |2 1981 
080 |a 929  |2 1981 
080 |a 885.4  |2 1981 
080 |a 929 Sloboda, Rudolf  |2 1981 
100 1 |a Fulmeková, Denisa,  |d 1967-  |4 aut  |9 100229 
245 1 0 |a Písanie je môj osud  |b So spisovateľom Rudolfom Slobodom  |c Denisa Fulmeková ; Rudolf Sloboda 
300 |b Fot. 1. 
600 1 7 |a Sloboda, Rudolf,  |d 1938-1995,  |2 snkbucl  |9 101482 
600 1 7 |a Sloboda, Rudolf,  |d 1938-1995  |2 snkbucl  |9 101482 
655 7 |a články z novín a časopisov  |2 snkbucl  |9 267496 
655 7 |a články z odboru literárna veda a krásna literatúra  |2 snkbucl  |9 770045 
773 0 |t Telegraf  |g Roč. 1, č. 174 (25. 7. 1992), s. 13 
850 |a Slovenská národná knižnica v Martine  |a MTA001 
852 |a SNK  |b KIS3GCP 
958 |a BX 
958 |a RK 
958 |a LX 
992 |a RBX 
999 |c 2525317  |d 2527247